| 000 | 00657nam a2200229u 4500 | ||
|---|---|---|---|
| 001 | 31078 | ||
| 003 | BD-RjUL | ||
| 005 | 20211209051646.0 | ||
| 008 | 821206s19511903enk 000 0 eng | ||
| 035 | _a(BD-RjUL)31165 | ||
| 040 |
_aDLC _cCarP _dDLC _beng |
||
| 041 | _aeng | ||
| 082 |
_a242.1 _bKEO 1951 |
||
| 100 |
_akempis, thomas a _994511 |
||
| 245 | 0 | 0 |
_aOf the imitation of Christ : _bfour books / _cthomas a kempis |
| 260 |
_aLondon : _boxford university press, _cc1903 [reprinting 1951] |
||
| 300 |
_a291 p. ; _c15 cm. |
||
| 650 |
_aMeditations _v Electronic books _994512 |
||
| 942 |
_2ddc _cBK |
||
| 999 |
_c31078 _d31078 |
||